000 00516nam a2200205Ia 4500
005 20140402151202.0
008 140130s9999 xx 000 0 und d
020 _a0439071682
050 _aPZ 7
_b.D199 1998
100 _aDanziger, Paula
_94178
245 _cPaula Danziger
_aAmber Brown is Feeling Blue /
260 _bScholastic,
_c1998.
_aUSA :
300 _a130 p. :
_bill. ;
_c19 cm.
440 _v1
_931174
521 _aG5
526 _c760
942 _cBK
_2lcc
999 _c41096
_d41096